Loading...
| History - World History | 4 | 1 | 0 | 0 | 70 | 24 | 64.80 | 2 | 4 |
| Religion | 4 | 1 | 1 | 0 | 65 | 37 | 54.40 | 1 | 5 |
| Mythology | 2 | 1 | 0 | 1 | 40 | 29 | 84.00 | 1 | 3 |
| History - European History | 0 | 4 | 0 | 1 | 40 | 65 | 90.75 | 1 | 3 |
| History - Other History | 0 | 4 | 2 | 1 | 30 | 72 | 90.25 | 0 | 3 |
| Literature - World Literature | 2 | 0 | 0 | 0 | 30 | 31 | 46.00 | 1 | 2 |
| Fine Arts - Auditory Fine Arts | 1 | 1 | 1 | 1 | 20 | 70 | 101.50 | 1 | 2 |
| Fine Arts - Visual Fine Arts | 0 | 1 | 0 | 0 | 10 | 83 | 83.00 | 0 | 1 |
| Literature - European Literature | 0 | 1 | 0 | 0 | 10 | 112 | 112.00 | 0 | 1 |
| History - American History | 0 | 1 | 0 | 1 | 10 | 133 | 133.00 | 0 | 1 |
| Science - Biology | 0 | 1 | 1 | 0 | 5 | 81 | 81.00 | 1 | 1 |
| Fine Arts - Other Fine Arts | 0 | 1 | 1 | 1 | 5 | 138 | 138.00 | 0 | 0 |
| Philosophy | 0 | 0 | 1 | 0 | -5 | 0.00 | 0 | 0 | |
| Geography | 0 | 0 | 1 | 0 | -5 | 0.00 | 0 | 0 |